000 01221 a2200229 4500
001 44925
005 20260407155724.0
008 260407a1996 arg spa d
003 AR-UNSa-BCEJYS
040 _aAR-UNSa-BCEJYS
_bspa
_cAR-UNSa-BCEJYS
080 _a330.34
_xDesarrollo Económico
245 1 0 _aInforme sobre el desarrollo mundial 1996
_pDe la planificación centralizada a la economía de mercado
020 _a0-8213-3265-1
264 1 _aWashington :
_bBanco Mundial
_c1996
300 _ax, 275 p.
_c27 cm.
505 _a1. Modelos de reforma, progresos y resultados - 2. Liberalización, estabilización y crecimiento – 3. Derechos de propiedad y reforma de las empresas – 4. Dimensiones humanas de la transición – 5. Instituciones jurídicas y estado de derecho – 6. Edificación de un sistema financiero – 7. Hacia un Estado más eficiente y de menor dimensión – 8. Inversión en capital humano y crecimiento económico – 9. La transición y la economía mundial –
041 _aspa
942 _cBK
590 _aniveau_biblio:m niveau_hierar:0
100 1 _aBanco Mundial
856 4 1 _uhttps://www.biblioeco.unsa.edu.ar/pmb/images/libros/L127048.jpg
_yImagen de portada
_qimage/jpeg
999 _c3864
_d3864